UBT Library

To improve health and health care / (Record no. 43670)

000 -LEADER
fixed length control field 00909cam a22002537a 4500
001 - CONTROL NUMBER
control field 18692913
005 - DATE AND TIME OF LATEST TRANSACTION
control field 20180228032822.0
008 - FIXED-LENGTH DATA ELEMENTS--GENERAL INFORMATION
fixed length control field 150709s2013 cau b 001 0 eng d
010 ## - LIBRARY OF CONGRESS CONTROL NUMBER
LC control number 2012533068
020 ## - INTERNATIONAL STANDARD BOOK NUMBER
International Standard Book Number 9781118488140
020 ## - INTERNATIONAL STANDARD BOOK NUMBER
International Standard Book Number 1118488148
035 ## - SYSTEM CONTROL NUMBER
System control number (OCoLC)ocn828146602
040 ## - CATALOGING SOURCE
Original cataloging agency NGU
Transcribing agency NGU
Modifying agency YDXCP
-- OCLCF
-- OCLCO
-- DLC
041 ## - LANGUAGE CODE
Language code of text/sound track or separate title eng
042 ## - AUTHENTICATION CODE
Authentication code lccopycat
080 ## - UNIVERSAL DECIMAL CLASSIFICATION NUMBER
Universal Decimal Classification number 616 STE
100 ## - Rafti
Rafti 4
101 ## - Shkurtesa
Shkurtesa SHM
245 00 - TITLE STATEMENT
Title To improve health and health care /
Statement of responsibility, etc Stephen L. Isaacs and David C. Colby, editors ; foreword by Risa Lavizzo-Mourey.
504 ## - BIBLIOGRAPHY, ETC. NOTE
Bibliography, etc Includes bibliographical references and index.
906 ## - LOCAL DATA ELEMENT F, LDF (RLIN)
a 7
b cbc
c copycat
d 2
e ncip
f 20
g y-gencatlg
942 ## - ADDED ENTRY ELEMENTS (KOHA)
Source of classification or shelving scheme
Item type Books
Holdings
Withdrawn status Lost status Source of classification or shelving scheme Damaged status Not for loan Collection code Permanent location Current location Shelving location Date acquired Total Checkouts Full call number Barcode Date last seen Price effective from Koha item type
          Koleksioni i përgjithshem UBT - Lipjan UBT - Lipjan Koleksioni i përgjithshem 02/28/2018   616 STE 002-3000374 02/28/2018 02/28/2018 Books
UBT Library © 2015-2024. All rights reserved University Education for Business and Technology